Представление документа в формате RUSMARC

ПолеНазваниеЗначение
  Тип записи a
  Библиографический уровень m
001 Контрольный номер RU/CBS_UL/BASE/ffada4d972d44aa8ba37078f2754285b
005 Дата корректировки 20240527152720.4
010 Индекс ISBN __
a ISBN
d Цена 40 р. 40 к.
9 Тираж экз.
100 Данные общей обработки __
a Данные общей обработки 20240527d 0rusy0189## ca
101 Язык документа 0_
a Язык текста rus
102 Страна публикации __
a Страна публикации RU
200 Заглавие и сведения об ответственности 1_
a Заглавие Поэмы
f Первые сведения об ответственности Н.А. Некрасов
e Сведения, относящиеся к заглавию школьникам - для подготовки к урокам литературы
210 Выходные данные 1_
a Место издания Москва
c Издательство Стрекоза-Пресс
d Дата издания 2004
215 Физическое описание __
a Объем 320 с.
d Формат см.
225 Серия 2_
a Серия Классика для школы
300 Общие примечания __
a Общие примечания 12+
300 Общие примечания __
a Общие примечания Под инв. номером 101068: 28-1
606 Тематические рубрики 0_
a Основная рубрика Русская литература, 19 в. - Поэзия
610 Ключевые слова 0_
a Ключевые слова классика русская; русские женщины; крестьянский быт; доля женская; жизнь русского народа; подготовка к урокам; пособия для учащихся
686 Индексы других классификаций __
2 Код системы rubbk
a Классификационный индекс 84(2Рос=Рус)1
700 Автор _1
a Фамилия Некрасов
b Имя (инициалы) Н. А.
g Полное личное имя Николай Алексеевич
801 Источник записи _0
a Страна RU
b Организация МБУК ЦБС г. Ульяновска
c Дата составления 20240527
g Правила каталогизации RCR
801 Источник записи _1
a Страна RU
b Организация МБУК ЦБС г. Ульяновска
c Дата составления 20240527
g Правила каталогизации RCR
852 Данные о местонахождении __
i Авторский знак Н 48
j Шифр хранения Р1
901 Тип документа __
t Тип документа m
909 Создатель записи __
a Создатель записи obr2
b Дата создания записи 20240527